000 004780000a22001690004500
041 0 _aENG
082 0 4 _aG 488 G814c
100 1 _aGreenlee, J. Harold (Jacob) (1918- )
245 1 0 _aA concise exegetical grammar of New Testament greek / J. Harold Greenlee
260 _aGrand Rapids, MI., USA : Eerdmans
300 _a79 Pag
001 10793
942 _cBK
999 _c40238
_d40238
336 _atexto
_btxt
_2rdacontent
337 _2rdamedia
_asin mediación
_bn
338 _2rdacarrier
_avolumen
_bnc